| 000 | 00000nam 2200000za 4500 |
| 001 | 9.857297 |
| 003 | CaOODSP |
| 005 | 20221107155727 |
| 007 | cr ||||||||||| |
| 008 | 180601t20182017onc o f000 0 eng d |
| 020 | |a9780660267869 |
| 040 | |aCaOODSP|beng |
| 043 | |an-cn--- |
| 086 | 1 |aT29-106/2018E-PDF|zT29-106/2018E |
| 245 | 00|aCanadian supplement to the SOLAS Convention |h[electronic resource]. |
| 250 | |a2nd ed. |
| 260 | |a[Ottawa] : |bTransport Canada, |c[2018], c2017. |
| 300 | |aiv, 24 p. |
| 500 | |aIssued also in French under title: Supplément canadien à la Convention SOLAS. |
| 500 | |a"Date revised: December 2017." |
| 500 | |a"TP 15211E (12/2017)." |
| 500 | |a"TC-1006017." |
| 500 | |aIncorrect catalogue number (T29-106/2018E) printed in this publication. |
| 500 | |aIssued also in HTML format. |
| 520 | |a"The Canadian Supplement to the SOLAS Convention outlines a set of mandatory Canadian-specific requirements related to SOLAS and associated Codes, Recommendations, Guidelines and Interpretations published in International Maritime Organization (IMO) Circulars and Resolutions referenced in this document and the policy"--Introd., p. 1. |
| 692 | 07|2gccst|aShips |
| 692 | 07|2gccst|aSafety regulations |
| 710 | 1 |aCanada. |bTransport Canada. |
| 710 | 1 |aCanada. |bDomestic Vessel Regulatory Oversight & Boating Safety. |
| 775 | 08|tSupplément canadien à la Convention SOLAS |w(CaOODSP)9.857298 |
| 795 | |tCanadian supplement to the SOLAS Convention |w(CaOODSP)9.696813 |
| 856 | 40|qPDF|s347 KB|uhttps://publications.gc.ca/collections/collection_2018/tc/T29-106-2018-eng.pdf |
| 856 | 4 |qHTML|sN/A|uhttps://tc.canada.ca/en/marine-transportation/marine-safety/canadian-supplement-solas-convention-tp-15211-e |